You're hired! - secrets to job search / (Record no. 344493)

000 -LEADER
fixed length control field 00726 a2200205 4500
020 ## - INTERNATIONAL STANDARD BOOK NUMBER
International Standard Book Number 0028625099
020 ## - INTERNATIONAL STANDARD BOOK NUMBER
International Standard Book Number 9780028625096
082 04 - DEWEY DECIMAL CLASSIFICATION NUMBER
Classification number 650.14
090 ## - LOCALLY ASSIGNED LC-TYPE CALL NUMBER (OCLC); LOCAL CALL NUMBER (RLIN)
-- 1990
-- 1990
100 1# - MAIN ENTRY--PERSONAL NAME
Personal name Arco.
245 10 - TITLE STATEMENT
Title You're hired! - secrets to job search /
Statement of responsibility, etc. Arco.
250 ## - EDITION STATEMENT
Edition statement 1st ed ed.
260 ## - PUBLICATION, DISTRIBUTION, ETC.
Place of publication, distribution, etc. [S.l.] :
Name of publisher, distributor, etc. Arco,
Date of publication, distribution, etc. 1999.
300 ## - PHYSICAL DESCRIPTION
Extent 264 p. ;
Dimensions 28 cm.
500 ## - GENERAL NOTE
General note Paperback.
520 ## - SUMMARY, ETC.
Summary, etc. Straight talk on getting and keeping a job--from today's top corporate recruiters. Photos. Line drawings.
856 40 - ELECTRONIC LOCATION AND ACCESS
Materials specified Amazon.com
Uniform Resource Identifier <a href="http://www.amazon.com/exec/obidos/ASIN/0028625099/chopaconline-20">http://www.amazon.com/exec/obidos/ASIN/0028625099/chopaconline-20</a>
856 40 - ELECTRONIC LOCATION AND ACCESS
Materials specified Amazon customer reviews
Uniform Resource Identifier <a href="http://www.chopac.org/cgi-bin/tools/azrev.pl?q=0028625099">http://www.chopac.org/cgi-bin/tools/azrev.pl?q=0028625099</a>
942 ## - ADDED ENTRY ELEMENTS (KOHA)
Institution code [OBSOLETE] NBS
Koha item type Book
Call number prefix 650.14 SHA
Holdings
Withdrawn status Lost status Damaged status Not for loan Permanent Location Current Location Date acquired Total Checkouts Full call number Barcode Date last seen Date last checked out Price effective from Koha item type
        Central Library (CL) Central Library (CL) 08/28/2013 1 650.14 SHA NBS3882 11/08/2021 11/08/2021 08/28/2013 Book
© 2023 Central Library, National University of Sciences and Technology. All Rights Reserved.